<?xml version="1.0" encoding="UTF-8"?>
<record
    xmlns:xsi="http://www.w3.org/2001/XMLSchema-instance"
    xsi:schemaLocation="http://www.loc.gov/MARC21/slim http://www.loc.gov/standards/marcxml/schema/MARC21slim.xsd"
    xmlns="http://www.loc.gov/MARC21/slim">

  <leader>01077nam a2200157   4500</leader>
  <datafield tag="999" ind1=" " ind2=" ">
    <subfield code="c">510325</subfield>
    <subfield code="d">510325</subfield>
  </datafield>
  <controlfield tag="008">190811b           ||||| |||| 00| 0 eng d</controlfield>
  <datafield tag="100" ind1=" " ind2=" ">
    <subfield code="a">Milligan, Matthew D.</subfield>
    <subfield code="9">8114</subfield>
  </datafield>
  <datafield tag="245" ind1=" " ind2=" ">
    <subfield code="a">The economic power of women in early South Asian Buddhism</subfield>
  </datafield>
  <datafield tag="260" ind1=" " ind2=" ">
    <subfield code="c">2019</subfield>
  </datafield>
  <datafield tag="300" ind1=" " ind2=" ">
    <subfield code="a">p.53-76.</subfield>
  </datafield>
  <datafield tag="520" ind1=" " ind2=" ">
    <subfield code="a">This article serves as a contribution to the financial primacy of Buddhist women in early historic South Asia. Presented here is a single case study from the first century bce monastic st&#x16B;pa site from Central India called Sanchi whereby gender demographics are analysed over two subsequent stages of funding. Investments by women not only fuelled the construction of the built landscape but, as time went on, female donors were crucial to the economic solvency of the monastic institution at Sanchi. Such a micro-history of Buddhist women from classical India illustrates the agency of women during Buddhism&#x2019;s formative years. - Reproduced.</subfield>
  </datafield>
  <datafield tag="650" ind1=" " ind2=" ">
    <subfield code="a">Social history</subfield>
    <subfield code="9">8115</subfield>
  </datafield>
  <datafield tag="773" ind1=" " ind2=" ">
    <subfield code="a">Indian Economic and Social History Review</subfield>
  </datafield>
  <datafield tag="906" ind1=" " ind2=" ">
    <subfield code="a">Buddhism</subfield>
  </datafield>
  <datafield tag="942" ind1=" " ind2=" ">
    <subfield code="2">ddc</subfield>
    <subfield code="c">AR</subfield>
  </datafield>
  <datafield tag="952" ind1=" " ind2=" ">
    <subfield code="0">0</subfield>
    <subfield code="1">0</subfield>
    <subfield code="2">ddc</subfield>
    <subfield code="4">0</subfield>
    <subfield code="7">0</subfield>
    <subfield code="9">384263</subfield>
    <subfield code="a">IIPA</subfield>
    <subfield code="b">IIPA</subfield>
    <subfield code="d">2019-08-11</subfield>
    <subfield code="h">56(1), Jan-Mar, 2019: p.53-76.</subfield>
    <subfield code="p">AR119956</subfield>
    <subfield code="r">2019-08-11</subfield>
    <subfield code="y">AR</subfield>
  </datafield>
</record>
